[Event "Muensterland Verbandsklasse 1920"]
[Site "Germany"]
[Date "2019.12.07"]
[Round "4.7"]
[White "Vera, Antonio"]
[Black "Spoeler, Gerd"]
[Result "1/2-1/2"]
[WhiteElo "1713"]
[BlackElo "1599"]
[PlyCount "29"]
[EventDate "2019.09.14"]
[EventType "team-tourn"]
[EventRounds "7"]
[EventCountry "GER"]
[SourceTitle "EXT 2023"]
[Source "ChessBase"]
[SourceDate "2022.10.05"]
[SourceVersion "1"]
[SourceVersionDate "2022.10.05"]
[SourceQuality "1"]
[WhiteTeam "Hiltrup"]
[BlackTeam "Heiden II"]
[WhiteTeamCountry "GER"]
[BlackTeamCountry "GER"]

1. d4 d5 2. c4 e6 3. Nc3 Nf6 4. Bg5 c6 5. e3 Bb4 6. a3 Bxc3+ 7. bxc3 Qa5 8. Rc1 Ne4 9. Bf4 Qxa3 10. Qc2 Nd7 11. Bd3 Nef6 12. Ne2 h6 13. 0-0 Nh5 14. c5 Qa5 15. Bd6 1/2-1/2

[Event "Muensterland Verbandsklasse-B 1011"]
[Site "Germany"]
[Date "2011.03.12"]
[Round "8.5"]
[White "Spoeler, Gerd"]
[Black "Broemmel, Rudolf"]
[Result "1/2-1/2"]
[WhiteElo "1650"]
[BlackElo "1911"]
[PlyCount "50"]
[EventDate "2010.09.18"]
[EventType "team-tourn"]
[EventRounds "9"]
[EventCountry "GER"]
[SourceTitle "EXT 2012"]
[Source "ChessBase"]
[SourceDate "2011.11.24"]
[SourceVersion "1"]
[SourceVersionDate "2011.11.24"]
[SourceQuality "1"]
[WhiteTeam "Heiden II"]
[BlackTeam "Raesfeld Erle"]
[WhiteTeamCountry "GER"]
[BlackTeamCountry "GER"]

1. d4 c5 2. d5 e5 3. e4 d6 4. Bd3 Be7 5. Ne2 Bg5 6. 0-0 Bxc1 7. Qxc1 Nf6 8. c4 0-0 9. Nbc3 Na6 10. a3 Bd7 11. Rb1 Qe7 12. Qd2 Nc7 13. b3 Rfb8 14. b4 cxb4 15. axb4 b5 16. Ng3 bxc4 17. Bxc4 a6 18. Rb2 Nb5 19. Nxb5 axb5 20. Bd3 g6 21. Ra2 Qd8 22. Rfa1 Ra4 23. Qb2 Rxa2 24. Rxa2 Qb6 25. Qa1 h5 1/2-1/2

[Event "Muensterland Verbandsklasse-B 1011"]
[Site "Germany"]
[Date "2010.12.11"]
[Round "4.5"]
[White "Spoeler, Gerd"]
[Black "Boerger, Andreas"]
[Result "0-1"]
[WhiteElo "1650"]
[BlackElo "1773"]
[PlyCount "154"]
[EventDate "2010.09.18"]
[EventType "team-tourn"]
[EventRounds "9"]
[EventCountry "GER"]
[SourceTitle "EXT 2012"]
[Source "ChessBase"]
[SourceDate "2011.11.24"]
[SourceVersion "1"]
[SourceVersionDate "2011.11.24"]
[SourceQuality "1"]
[WhiteTeam "Heiden II"]
[BlackTeam "Muenster SK IV"]
[WhiteTeamCountry "GER"]
[BlackTeamCountry "GER"]

1. f4 d5 2. Nf3 c5 3. d4 Nc6 4. e3 Nf6 5. Be2 Bf5 6. a3 e6 7. 0-0 a6 8. c4 dxc4 9. Bxc4 cxd4 10. Nxd4 Nxd4 11. exd4 Qb6 12. Qa4+ Qc6 13. Qxc6+ bxc6 14. h3 h5 15. Nc3 Bd6 16. Be3 Kd7 17. Rad1 a5 18. Rf2 Rab8 19. Kh1 Rb7 20. Ba6 Rb6 21. Bc4 Rhb8 22. Bc1 Ke7 23. Re2 Kf8 24. Kg1 R6b7 25. Ba6 Rd7 26. Bc4 Bc7 27. Be3 Bb6 28. Kf1 Rbd8 29. Red2 Ba7 30. Ke2 Be4 31. Kf1 Bg6 32. Ke1 Ne8 33. g3 Nd6 34. Bb3 Nf5 35. Bf2 Nxd4 36. Bxd4 Rxd4 37. Rxd4 Bxd4 38. Ne2 Bb6 39. Rxd8+ Bxd8 40. Nd4 Be4 41. Ke2 Bf6 42. Ke3 Bg2 43. Bd1 c5 44. Nb3 Bxb2 45. a4 Bc3 46. Nxc5 h4 47. gxh4 Bxh3 48. h5 Ke7 49. Be2 Bf5 50. Bd1 Bb4 51. Nb3 Bb1 52. Kd4 Kf6 53. Ke3 Ba2 54. Nc1 Bd5 55. Nd3 Bd6 56. Kd4 Bc7 57. Kc5 Kf5 58. Kb5 Ke4 59. Ne5 Kxf4 60. Nxf7 e5 61. Nh8 Kg5 62. Ng6 e4 63. Ne7 Bf7 64. Kc6 Bd8 65. Nc8 Bxh5 66. Bxh5 Kxh5 67. Nd6 e3 68. Ne4 Kg4 69. Kd7 Bh4 70. Nc3 Be1 71. Ne2 Bb4 72. Ke6 Kf3 73. Nd4+ Kf2 74. Kf5 e2 75. Nxe2 Kxe2 76. Kg6 Bc3 77. Kf5 Kf3 0-1

[Event "Muensterland Verbandsklasse-A 0607"]
[Site "Germany"]
[Date "2007.01.20"]
[Round "5.8"]
[White "Spoeler, Gerd"]
[Black "Hoffmann, Klaus Peter"]
[Result "0-1"]
[WhiteElo "1735"]
[BlackElo "1600"]
[PlyCount "60"]
[EventDate "2006.09.23"]
[EventType "team"]
[EventRounds "9"]
[EventCountry "GER"]
[SourceTitle "EXT 2008"]
[Source "ChessBase"]
[SourceDate "2007.11.25"]
[SourceVersion "1"]
[SourceVersionDate "2007.11.25"]
[SourceQuality "1"]
[WhiteTeam "Heiden II"]
[BlackTeam "Duelmen"]
[WhiteTeamCountry "GER"]
[BlackTeamCountry "GER"]

1. c4 c5 2. g3 g6 3. Bg2 Bg7 4. Nf3 Nf6 5. 0-0 0-0 6. d3 d6 7. Nc3 Nc6 8. Rb1 Rb8 9. Bg5 Bg4 10. Qd2 Qd7 11. Nh4 Bh3 12. a3 Bxg2 13. Kxg2 a6 14. b4 cxb4 15. axb4 b5 16. cxb5 axb5 17. Bh6 Qb7 18. Kg1 Ra8 19. Bxg7 Kxg7 20. Qb2 Kg8 21. h3 d5 22. Rfc1 d4 23. Ne4 Nd5 24. Qd2 Kg7 25. Qg5 e6 26. Nd6 Qb6 27. Rc5 Ncxb4 28. Ne4 f5 29. Rxb4 Nxb4 30. Qe7+ Rf7 0-1

[Event "Muensterland Verbandsklasse-A 0506"]
[Site "Germany"]
[Date "2006.02.25"]
[Round "7.6"]
[White "Katz, Rafael Marcos"]
[Black "Spoeler, Gerd"]
[Result "1-0"]
[WhiteElo "1911"]
[BlackElo "1712"]
[PlyCount "61"]
[EventDate "2005.09.03"]
[EventType "team"]
[EventRounds "9"]
[EventCountry "GER"]
[SourceTitle "EXT 2006"]
[Source "ChessBase"]
[SourceDate "2005.11.24"]
[SourceVersion "1"]
[SourceVersionDate "2005.11.24"]
[SourceQuality "1"]
[WhiteTeam "Bocholt"]
[BlackTeam "Heiden II"]
[WhiteTeamCountry "GER"]
[BlackTeamCountry "GER"]

1. d4 d5 2. Nf3 Bg4 3. Ne5 Bf5 4. Bf4 Nf6 5. e3 e6 6. g4 Bg6 7. h4 h5 8. Nxg6 fxg6 9. g5 Ne4 10. Bd3 Bd6 11. f3 Bxf4 12. exf4 Ng3 13. Bxg6+ Kd7 14. Rh2 Nc6 15. c3 Qf8 16. Qd2 Qd6 17. Kf2 Nf5 18. Bxf5 exf5 19. Na3 a6 20. Nc2 Na5 21. b3 c5 22. dxc5 Qxc5+ 23. Kg3 Nc6 24. Rd1 Ne7 25. c4 Kc6 26. cxd5+ Kb6 27. b4 Qd6 28. Qd4+ Kc7 29. Re2 Rae8 30. Re6 Qd7 31. Rxe7 1-0

[Event "Muensterland Verbandsklasse-A 0405"]
[Site "Muensterland"]
[Date "2004.11.27"]
[Round "4.7"]
[White "Spoeler, Gerd"]
[Black "Wigger, Reiner"]
[Result "1/2-1/2"]
[WhiteElo "1630"]
[BlackElo "1835"]
[PlyCount "86"]
[EventDate "2004.09.11"]
[EventType "team"]
[EventRounds "9"]
[EventCountry "GER"]
[SourceTitle "EXT 2006"]
[Source "ChessBase"]
[SourceDate "2005.11.24"]
[SourceVersion "1"]
[SourceVersionDate "2005.11.24"]
[SourceQuality "1"]
[WhiteTeam "Heiden II"]
[BlackTeam "Muenster Indische Dame"]
[WhiteTeamCountry "GER"]
[BlackTeamCountry "GER"]

1. d4 Nf6 2. c4 e6 3. Nc3 Bb4 4. Bg5 c5 5. a3 Bxc3+ 6. bxc3 Qa5 7. Bd2 Ne4 8. Qc2 Nxd2 9. Qxd2 Nc6 10. e3 0-0 11. Nf3 d6 12. Be2 e5 13. d5 Ne7 14. e4 f5 15. exf5 Bxf5 16. 0-0 Ng6 17. Rfe1 Rae8 18. Ng5 h6 19. Ne6 Bxe6 20. dxe6 Rxe6 21. g3 Ne7 22. Bd3 Ref6 23. Re2 Qc7 24. Be4 Rd8 25. Rb1 b6 26. Rd1 Qc8 27. Qc2 Qe6 28. Qa4 Qd7 29. Qb3 Qc7 30. Red2 Nc6 31. Qc2 Ne7 32. Qb3 Kh8 33. Qc2 Qc8 34. Qa4 Qd7 35. Qb3 Qg4 36. Qc2 Qe6 37. Qd3 Qd7 38. Qc2 Qc7 39. Qd3 Nc6 40. Qd5 Ne7 41. Qd3 Qd7 42. Qc2 Nc6 43. Bd5 Qc7 1/2-1/2

[Event "Muensterland Verbandsklasse-A 0405"]
[Site "Muensterland"]
[Date "2004.09.11"]
[Round "1.4"]
[White "Grawunder, Juergen"]
[Black "Spoeler, Gerd"]
[Result "1-0"]
[WhiteElo "1972"]
[BlackElo "1630"]
[PlyCount "57"]
[EventDate "2004.09.11"]
[EventType "team"]
[EventRounds "9"]
[EventCountry "GER"]
[SourceTitle "EXT 2006"]
[Source "ChessBase"]
[SourceDate "2005.11.24"]
[SourceVersion "1"]
[SourceVersionDate "2005.11.24"]
[SourceQuality "1"]
[WhiteTeam "Sendenhorst"]
[BlackTeam "Heiden II"]
[WhiteTeamCountry "GER"]
[BlackTeamCountry "GER"]

1. e4 e6 2. d3 b6 3. c3 Bb7 4. Nf3 d6 5. Be2 Nd7 6. 0-0 h6 7. Nbd2 Ngf6 8. Qc2 Be7 9. Ne1 e5 10. d4 d5 11. dxe5 Nxe4 12. Nxe4 dxe4 13. f4 0-0 14. Be3 Bc5 15. Bxc5 Nxc5 16. Rd1 Qe7 17. b4 Nd7 18. g3 c5 19. b5 c4 20. Bxc4 Qc5+ 21. Rd4 Rac8 22. Qb3 Qe7 23. Bxf7+ Kh8 24. e6 Nc5 25. Qa3 Ba8 26. f5 Qg5 27. Ng2 Qe7 28. f6 Qb7 29. Ne3 1-0

[Event "Muensterland Verbandsklasse-A 0203"]
[Site "Muensterland"]
[Date "2003.03.15"]
[Round "7.7"]
[White "Binger, Friedhelm"]
[Black "Spoeler, Gerd"]
[Result "1-0"]
[WhiteElo "1789"]
[BlackElo "1681"]
[PlyCount "47"]
[EventDate "2002.09.28"]
[EventType "team"]
[EventRounds "9"]
[EventCountry "GER"]
[SourceTitle "EXT 2004"]
[Source "ChessBase"]
[SourceDate "2003.11.25"]
[SourceVersion "1"]
[SourceVersionDate "2003.11.25"]
[SourceQuality "1"]
[WhiteTeam "Gronau"]
[BlackTeam "Heiden II"]
[WhiteTeamCountry "GER"]
[BlackTeamCountry "GER"]

1. e4 e6 2. d4 d5 3. Nd2 Be7 4. c3 dxe4 5. Nxe4 Nf6 6. Bd3 b6 7. Qf3 c6 8. Bf4 Bb7 9. Nxf6+ Bxf6 10. Be4 Qd7 11. Ne2 Na6 12. 0-0 Rd8 13. Ng3 Rc8 14. Nh5 Qe7 15. Bh6 gxh6 16. Nxf6+ Kd8 17. Bxh7 Rxh7 18. Nxh7 f5 19. Qe3 Qxh7 20. Qxe6 Qd7 21. Qxh6 Kc7 22. Qf4+ Kd8 23. Rfe1 Nc7 24. Qg5+ 1-0

[Event "Muensterland Verbandsklasse-A 0203"]
[Site "Muensterland"]
[Date "2002.12.14"]
[Round "4.6"]
[White "Fremann, Rainer"]
[Black "Spoeler, Gerd"]
[Result "1-0"]
[WhiteElo "1481"]
[BlackElo "1681"]
[PlyCount "45"]
[EventDate "2002.09.28"]
[EventType "team"]
[EventRounds "9"]
[EventCountry "GER"]
[SourceTitle "EXT 2004"]
[Source "ChessBase"]
[SourceDate "2003.11.25"]
[SourceVersion "1"]
[SourceVersionDate "2003.11.25"]
[SourceQuality "1"]
[WhiteTeam "Ochtrup"]
[BlackTeam "Heiden II"]
[WhiteTeamCountry "GER"]
[BlackTeamCountry "GER"]

1. e4 c5 2. Nc3 e6 3. Nf3 Nc6 4. d4 cxd4 5. Nxd4 Bb4 6. Nxc6 bxc6 7. Qd4 Qa5 8. Qxg7 Bxc3+ 9. bxc3 f6 10. Bd2 Qh5 11. Qxh8 Qg6 12. f3 Bb7 13. e5 0-0-0 14. 0-0-0 a6 15. f4 c5 16. Rg1 d5 17. Bd3 f5 18. g4 c4 19. Be2 Qe8 20. gxf5 d4 21. Bxc4 Be4 22. Bxa6+ Kb8 23. Rxg8 1-0